000
00247nam a2200109Ia 4500
008
190914s9999||||xx |||||||||||||| ||und||
100
_a
Waheed-u-ddin
245
0
_a
Allahoakber
260
_a
Karachi
_b
Fazleesons
_c
2011
300
_a
450
942
_c
BK
999
_c
8986
_d
8986